| 000 | 00538nam a22001937a 4500 | ||
|---|---|---|---|
| 999 |
_c6508 _d6508 |
||
| 003 | OSt | ||
| 005 | 20200129111720.0 | ||
| 008 | 200129b ||||| |||| 00| 0 eng d | ||
| 020 | _a0333751892 | ||
| 040 | _c040a | ||
| 082 |
_a371.33 _bCOT 1999 |
||
| 100 |
_aCottrell, Stella _912282 |
||
| 245 |
_aThe study skills handbook / _cStella Cottrell |
||
| 260 |
_aNew York _bPalgrave _c1999 |
||
| 300 |
_aiv, 236p; _bcol.ill: _c17 cm. |
||
| 504 | _aIncludes bibliographical references and index | ||
| 650 | _2Study skills | ||
| 942 |
_2ddc _cO_SHELF |
||